00765cam a2200205 a 450000100100000000500170001000800410002704000180006808200140008610000460010024500820014626000330022830000210026144000440028265000330032665000340035991000340039395201170042799900150054400000511920200929151602.0031031s2003 gt 001 p spa  aDO-SdBNPcDLC ann.bO96p1 aOvalle López, Werner,d1928-197091466910aPoemas con raíz de relámpagos :bpoesía junta /cWerner Ovalle López. aGuatemala :bCultura,c2003. a176 p. ;c22 cm. 0aPoesía guatemalteca ;vno. 34.914670 4aPoesía guatemalteca914068 4aLiteratura guatemalteca95393 aCatalogación por copia / LC 001052708MOaGRbGRcCTd2009-07-29iLF1l0onn. O96pp5119-10r2020-06-25w2020-06-25y2ZPréstamo interno c4922d4922